Ultimate Simpsons (Season 2) Quiz Stats

 Plays Quiz not verified by Sporcle

Challenge
Share
Tweet
Embed
Score 0/66 Timer 20:00
0 Plays Today
From Episode Clue Answer % Correct
Homer orders Fugu and the Masters delicate hands are needed though he is 'busy' with a woman in his car; Who is this woman?Mrs. Krabapple
64.3%
Bart leaves the house after ruining Thanksgiving, he and Santas Little Helper roam the streets in search of food; What does he donate to get $12?Plasma or Blood
61.9%
Marge brings out the Bouvier family quilt to allow Lisa to add her own square, she shows of past squares including her; What dis Marge's square say?Keep On Truckin
61.9%
Lisa awakes to a sickend state though shes determined to go to school; What condition does Marge thinks she has?The Mumps
59.5%
After Homers promotion he begins looking for a secretary, but all the girls make kissy faces at him; What is the name of the male secretary hired?Carl
57.1%
In an attempt to get the discounted price Bart changes into this uncommon superhero; What's his name for this superhero?Bartman
57.1%
Lisa is worried about her soul, 1st the cable, then with her mom at the grocery store; What does her mom eat that finally makes her talk?Grape
54.8%
Mr. Hoover enters the classroom depressed, than telling the children she's ill and will be taking time off to recover; What sickness or disease does she have?Lyme Disease
52.4%
After Homer picks the kids up from the Comic Book Convention, he takes the family out to the 'fine' eatery; What was the eatery?Krusty Burger
52.4%
The NRC arrives and begins to inspect the plant, with gieiger counters on; What is found to seal crack in cooling tower?Gum
50%
After Homers 'incident' Marge starts a crusade against violent cartoons; What was the acronym she used against such violence?S.N.U.H.
47.6%
After finding Mr. Burns in need of OO negative blood Smithers demands they take it from him, however Dr. Hibbert can't because of his blood type; What blood type does Smithers haveB Positive
47.6%
Midway through the performance Ned turns to Homer and complimantes him on Lisa; What was he complamenting about?Her Fingering
45.2%
The episode begins with the last day of a week of Krusty the Clowns on location; Where had Krusty spent the week tapping his Krusty The Clown show?Mount Splashmore
45.2%
We learn from Lisa that Mr. Bergstrom cried as with Lisa while reading the end of this story; What was this book Mr. Bergstrom read to the class?Charlottes Web
45.2%
After learning Bart has OO negative blood Homer tells Bart he has a date; With who or what does Bart have a date with?The Needle
45.2%
Mr. Hutz is questioning Bart in reference to the accident, Bart said it was a beautiful afternoon; On what day did the accident occur?Sunday
42.9%
When Mr. Burns finds Homer going through his mail he asks who are you, Homers mind tells him to give a fake name; What name does Homer give him?Homer Simpson
42.9%
Upon asking Ned to borrow his camcorder, Ned opens his front closet with a sign posted on the door; What words does this sign read?Bless This Mess
40.5%
Bart doesn't study and sucks up to Sherri and Terri for help; What reason did they give for the colonists leaving England?Giant Rats
38.1%
After dropping off Grandpa the family begins to decide where to bring Grandpa next time, still unsure they pass a sign advertising this attraction; What was this attraction?Discount Lion Safari
38.1%
Marge knows she and Homer need marital help, and since Rev. Lovejoy is giving such help she doesn't hesitate; Where was the retreat held?Catfish Lake
38.1%
At Moes Barney asks why Moe never got cable for the bar, Moe says it was cable or this other object; What was this other item?Mechanical bull
35.7%
Barts class is giving book reports and Martin has just given his on Ernest Hemingway; What name did he insist on being called?Papa
31%
While the family 'sleeps on it' the spirit speaks to the family members; What does it tell Lisa to get?The Butcher Knife
31%
During the party Barts able to sneak downstairs and alter the snack tray from 'Enjoy Our Party Snacks' to this; What was this new phrase?Boy Our Party Sucks
31%
After his stunt, Dr. Hibbert trys to discourage Bart by showing him a Ward of injured 'copy-cats'; What Ward does he refuse to subject him to?The Three Stooges Ward
28.6%
Burns is skyrocketing in the polls, but the latest polls show he is losing touch with these people; To who is he losing his touch with?The Common Man
23.8%
Homer makes a list of things to do before he dies, including telling of his boss; What words did he use when doing this?Eat My Shorts
23.8%
Homer joins the debate team and upon studying the lowering of the national speed limit to 55 mph he comes to this conclusion ; What are the two words he uses?No Way
23.8%
In the company board room Herbert is upset as the company continues to loose ground to the Japanese, he then asks about the new model; What name is given to that car model?Persephone
23.8%
When Herbert determines his company does more telling than listening, its all thanks to Homer, getting Homers help he wants to pay him a yearly salary; What is this yearly salary?$200,000
23.8%
After just passing his exam we see Bart jump for joy and run outside passing Martin spray painting with another individual; Who was this other person?Principal Skinner
21.4%
From Episode Clue Answer % Correct
On multiple occasions we get a glimpse on the playoff bracket, who played who in each round; Whom did Bart beat in the semi-finals (2nd ) round?Wiggum
21.4%
At episodes end we see Bart apologize to Lisa and the family praying around the table; What was Homer thankful for another crack at?Togetherness
19%
After taking the stand Marge is questioned about Dr. Nick, saying he pronounces even words she knows; What word did she give as an example?Abdomen
19%
Homer claims to be the 'line inspector' to get to the from of the line for this ride, of which he ironically gets stuck; What was this ride?H2Whoa
19%
Marge's art instructor shows how simple geometric shapes can create an adorable bunny rabbit; What was this process called?The Lombardo Method
19%
After learning the miracle hair product cost $1000 the clinic offers Homer this; What is the name of this coiesedental hair growth product?Hair In A Drum
16.7%
Homer is distraught when Marge tells him there all out of beer, even more after she asks if he would like so of this; What drink did she recommend?Fruit Juice
16.7%
The episode opens with Homer watching T.V. and Bart & Lisa fighting; What are Bart and Lisa fighting over?Glue
16.7%
The family has just droped off Gramdpa after their weekly extrusion, when Abe sarcastically stated nothing could be more fun; Where did the family just visit?The Liquor Store
16.7%
After being 'abducted' by Kodos & Kang the Simpsons are each given an individual meal; What meal is Lisa given?Fried Shrimp
14.3%
Moe joins the protest but for a different reason, he wants this show brought back; What show does Moe picket to bring back?Wagon Train
14.3%
Burns upset with his lawyers demands thet get Homer to his house that evening so he can 'buy him off'; What did Burns say he would buy him off with?A Banana or two
14.3%
We see Bart and Skinner at the Springfield mall picking out an engagement ring for Patty; At what store did this occur?The Family Jewels
11.9%
Upon finding his brother, the family drives to Detroit and after constantly being asked 'are we there yet' Homer screams not these words; What were these words?Just A Little Further
11.9%
After reading Bart The Raven, Lisa reacts that people were easier to scare back than; Bart compares it to this 'pretty tame' movie?Friday the 13th Part 1
9.5%
It's employee night at the ballpark and Bart want Flash's autograph, unable to Marge succedes; In what room is Flash staying at the Kozy Kort Motel?Room 26
9.5%
Marge ends up going to the Prom with Arty; by what name was the Senior Prom of 1974 known?Goodbye Yellow Brick Road
9.5%
We find Bart and Lisa fishing, where we get our first interaction with Blinky, shorty before this an Investigative Reporter shows up; What is the first & last name of this man?Dave Shutton
7.1%
Before the game we learn the 'Topes' have the longest losing in baseball; How long is this losing streak?26 Games
7.1%
After being seated Homer returns with a platter of food, he then notices an item(s) missing; What was this missing item?Corn Dogs
7.1%
After Maggie 'attacks' Homer, Marge wonders a baby would get the idea to attack her father; What Itchy and Scratchy cartoon then shown let's Marge know?Kitchen Kut-Ups
7.1%
After an experiment with Martin, Bart gets the idea to vandalize groudkeeper Willies award winning play field; With what chemical does Bart use to do this?Sodium Tetrasulfate
7.1%
Abe knows he needs more money to help others, unsure of how to get it Jasper recommends the senior casino trip; To what casino did they visit?Platos
7.1%
Bart throws a party and only after he finds Grandpa crying does he finally realize his wrong doings; What is the reason grandpa gives for correcting Bart?Pretending To Cry
7.1%
Martin and Milhouse ask Bart to join them in seeing the original 'fall-out boy' while at the comic book convention; What is this actors name?Buddy Hodges
7.1%
At the presentation Homer explains how he can save the plant millions using this Japanese art; What art is this know as?Jiko Kanri
4.8%
Ned invites Homer to his homestead for a drink, while Homer scarfs down on club sandwiches he pours a glass; What words are on the mug he gives Homer?Macho Mug
4.8%
Homer catches Bart in the act of viewing an adult only channel even though Bart claims he was looking for something else; What was the program Bart was watching?Stardust Memories
4.8%
We see the family enjoying a scene from a McBain movie on a T.V. show; What is the name of this show?Yakkin About The Movie
2.4%
After Homer attempts to return his 'ruined' shoes he passes by a woman giving out free samples; What was the name of the store she represented?Cookie Colossus
2.4%
Dancin' Homer lasts all but one night in Capital City, after the game ends we see Homer in the owners office; What is the owners first & last name?Dave Rosenfield
0%
While on their first date, we see billboards and Chief Wiggum attempting to talk a suspect off the ledge; What was the first billboard we saw?House of Tires
0%
Lisa and Homer run into Mr. Bergstrom at the museum, where Mr. Bergstrom can talk face to face with Homer over lunch; What is the name of the eatery at which they ate?The Childrarium
0%

You're not logged in!

Compare scores with friends on all Sporcle quizzes.
Join for Free
OR
Log In

You Might Also Like...

Show Comments

Extras

Top Quizzes Today


Score Distribution

Your Account Isn't Verified!

In order to create a playlist on Sporcle, you need to verify the email address you used during registration. Go to your Sporcle Settings to finish the process.

Report this User

Report this user for behavior that violates our Community Guidelines.

Details: